The evolution of a manufacturing system at Toyota / (Record no. 11267)

000 -LEADER
fixed length control field 00667cam a2200205 a 4500
020 ## - INTERNATIONAL STANDARD BOOK NUMBER
ISBN 0195123204 (alk. paper)
040 ## - CATALOGING SOURCE
Transcribing agency DLC
082 00 - DEWEY DECIMAL CLASSIFICATION NUMBER
Classification number 629 OXF 1999
100 1# - MAIN ENTRY--AUTHOR NAME
Personal name Fujimoto, Takahiro,
245 14 - TITLE STATEMENT
Title The evolution of a manufacturing system at Toyota /
260 ## - PUBLICATION, DISTRIBUTION, ETC. (IMPRINT)
Place of publication New York :
Name of publisher Oxford University Press,
Year of publication 1999.
300 ## - PHYSICAL DESCRIPTION
Number of Pages x, 380 p. :
Other physical details ill. ;
Dimensions 25 cm.
650 #0 - SUBJECT ADDED ENTRY--TOPICAL TERM
Topical Term Automobiles
650 #0 - SUBJECT ADDED ENTRY--TOPICAL TERM
Topical Term Industrial efficiency.
650 #0 - SUBJECT ADDED ENTRY--TOPICAL TERM
Topical Term Operations research.
650 #0 - SUBJECT ADDED ENTRY--TOPICAL TERM
Topical Term Toyota automobiles.
856 42 - ELECTRONIC LOCATION AND ACCESS
Uniform Resource Identifier http://www.loc.gov/catdir/enhancements/fy0604/98038201-d.html
856 41 - ELECTRONIC LOCATION AND ACCESS
Uniform Resource Identifier http://www.loc.gov/catdir/enhancements/fy0604/98038201-t.html
942 ## - ADDED ENTRY ELEMENTS (KOHA)
Koha item type សៀវភៅភាសាអង់គ្លេស
952 ## - LOCATION AND ITEM INFORMATION (KOHA)
Withdrawn status [LOCAL, KOHA] 0
Holdings
Permanent Location Date acquired Koha item type Lost status Shelving location Barcode Current Location Full call number
Library Block A2017-07-25សៀវភៅភាសាអង់គ្លេស A036A09884Library Block A629 OXF 1999 A036 Or.
មជ្ឈមណ្ឌលឯការនៃសាកលវិទ្យាល័យភូមិន្ទកសិកម្មចំការដូង

Powered by Koha